000 01397nam a2200289Ia 4500
999 _c37735
_d37735
001 3710
003 GE_BSU
005 20190805151517.0
008 181216s2012||||ge |||||||||||||| ||geo||
020 _a9789941176395
040 _cGE_BSU
041 _ageo
080 _a94(479.223) ბ–52
100 _aბერიძე, ჯემალ
_92734
245 _aმამა : ზურაბ ბერიძე 80 :
_bპედაგოგი და საზოგადო მოღვაწე /
_cჯემალ ბერიძე ; რედ. მიხეილ მახარაძე.
264 _aთბილისი :
_bუნივერსალი,
_c2012.
300 _a423 გვ. ;
_b ფოტ. ;
_c22 სმ.
500 _a ალბომი საოჯახო არქივიდან: გვ. 361-388.
501 _a დანართები: გვ. 391-409.
520 _aრეზ. რუს. და ინგლ.
600 _aბერიძე ზურაბ (1939-1984)
_93022
653 _aქართველი პედაგოგები
653 _aქართული ოჯახების ისტორია
653 _aსაქართველოს სოფლების ისტორია
700 _aმახარაძე, მიხეილ
_eრედაქტორი
_9382
942 _cBK
_2udc